NFL 2019-2020 Season Biggest Transactions (so far) - Statistics

General Stats
  • This quiz has been taken 176 times
    168 since last reset
  • The average score is 30 of 87
Answer Stats
Old Team New Team Pos. Answer % Correct
Pittsburgh Steelers Oakland Raiders WR Antonio Brown
98%
Pittsburgh Steelers New York Jets RB Le'Veon Bell
98%
New York Giants Cleveland Browns WR Odell Beckham Jr.
98%
Seattle Seahawks Baltimore Ravens S Earl Thomas lll
94%
Arizona Cardinals Miami Dolpins QB Josh Rosen
90%
New Orleans Saints Baltimore Ravens RB Mark Ingram ll
85%
Philadelphia Eagles Jacksonville Jaguars QB Nick Foles
80%
Green Bay Packers Los Angeles Rams LB Clay Matthews
76%
Oakland Raiders New Orleans Saints TE Jared Cook
74%
Denver Broncos Washington Redskins QB Case Keenum
71%
Baltimore Ravens Los Angeles Rams S Eric Weddle
67%
Baltimore Ravens Denver Broncos QB Joe Flacco
63%
Minnesota Vikings New Orleans Saints RB Latavius Murray
62%
Atlanta Falcons San Francisco 49ers RB Tevin Coleman
62%
Baltimore Ravens New York Jets LB CJ Mosley
59%
Green Bay Packers Dallas Cowboys WR Randall Cobb
59%
Kansas City Chiefs Cleveland Browns RB Kareem Hunt
55%
Tampa Bay Buccaneers Carolina Panthers DL Gerald McCoy
54%
Houston Texans Kansas City Chiefs S Tyrann Mathieu
52%
Philadelphia Eagles New York Giants WR Golden Tate lll
50%
Los Angeles Rams Tampa Bay Buccaneers DL Ndamukong Suh
47%
Chicago Bears Philadelphia Eagles RB Jordan Howard
44%
Miami Dolphins Tennessee Titans DL Cameron Wake
43%
Tampa Bay Buccaneers Philadelphia Eagles WR DeSean Jackson
41%
Cleveland Browns New York Giants S Jabrill Peppers
41%
New England Patriots Detroit Lions DL Trey Flowers
41%
Tampa Bay Buccaneers Miami Dolphins QB Ryan Fitzpatrick
40%
Washington Redskins Chicago Bears S HaHa Clinton-Dix
38%
Dallas Cowboys Buffalo Bills WR Cole Beasley
37%
Tampa Bay Buccaneers San Francisco 49ers LB Kwon Alexander
37%
Los Angeles Chargers Oakland Raiders WR Tyrell Williams
37%
Miami Dolphins Detroit Lions WR Danny Amendola
36%
Jacksonville Jaguars Los Angeles Rams QB Blake Bortles
35%
Washington Redskins New York Jets WR Jamison Crowder
35%
Baltimore Ravens Green Bay Packers LB Za'Darius Smith
34%
Kansas City Chiefs San Francisco 49ers LB Dee Ford
33%
Baltimore Ravens Buffalo Bills WR John Brown
33%
Carolina Panthers Indianapolis Colts WR Devin Funchess
32%
New England Patriots Carolina Panthers WR Chris Hogan
30%
Denver Broncos Houston Texans CB Bradley Roby
29%
Philadelphia Eagles Arizona Cardinals LB Jordan Hicks
28%
Buffalo Bills Kansas City Chiefs RB LeSean McCoy
28%
Philadelphia Eagles New England Patriots DL Michael Bennett
28%
Baltimore Ravens Arizona Cardinals WR Michael Crabtree
28%
Minnesota Vikings Cleveland Browns DL Sheldon Richardson
28%
Kansas City Chiefs Indianapolis Colts DL Justin Houston
27%
Miami Dolphins Houston Texans WR Kenny Stills
27%
Tampa Bay Buccaneers Tennessee Titans WR Adam Humphries
26%
Minnesota Vikings Philadelphia Eagles S Andrew Sendejo
26%
Cincinnati Bengals Oakland Raiders LB Vontaze Burfict
26%
Miami Dolphons Buffalo Bills RB Frank Gore
25%
New Orleans Saints New England Patriots TE Benjamin Watson
24%
New England Patriots Chicago Bears WR Cordarrelle Patterson
24%
Jacksonville Jaguars Pittsburgh Steelers WR Donte Moncrief
24%
New York Jets Philadelphia Eagles QB Josh McCown
24%
Los Angeles Rams Oakland Raiders S Lamarcus Joyner
24%
New York Giants Washington Redskins S Landon Collins
24%
Miami Dolphins Houston Texans OL Laremy Tunsil
24%
Carolina Panthers Los Angeles Chargers LB Thomas Davis
23%
Washington Redskins Green Bay Packers LB Preston Smith
22%
Chicago Bears Green Bay Packers S Adrian Amos
20%
Oakland Raiders New York Jets OL Kelechi Osemele
20%
Green Bay Packers Detroit Lions DL Mike Daniels
20%
Miami Dolphins Dallas Cowboys DL Robert Quinn
20%
New England Patriots Oakland Raiders OL Trent Brown
20%
Kansas City Chiefs Houston Texans RB Carlos Hyde
18%
Houston Texans Seattle Seahawks LB Jadeveon Clowney
18%
Miami Dolphins New Orleans Saints LB Kiko Alonso
18%
San Francisco 49ers Dallas Cowboys RB Alfred Morris
17%
New York Giants Cleveland Browns DL Olivier Vernon
15%
Cleveland Browns Tampa Bay Buccaneers WR Breshad Perriman
14%
Jacksonville Jaguars Kansas City Chiefs RB Carlos Hyde
13%
Houston Texans Jacksonville Jaguars RB Alfred Blue
11%
Dallas Cowboys Miami Dolphins WR Allen Hurns
11%
Atlanta Falcons New York Jets CB Brian Poole
11%
Detroit Lions Denver Broncos RB Theo Riddick
11%
New England Patriots Miami Dolphins TE Dwayne Allen
10%
Jacksonville Jaguars Philadelphia Eagles DL Malik Jackson
10%
Oakland Raiders Baltimore Ravens WR Seth Roberts
10%
Cleveland Browns New York Giants OL Kevin Zietler
9%
New England Patriots Atlanta Falcons DL Adrian Clayborn
7%
Atlanta Falcons Arizona Cardinals CB Robert Alford
7%
Tampa Bay Buccaneers Philadelphia Eagles DL Vinny Curry
7%
New Orleans Saints Kansas City Chiefs DL Alex Okafor
6%
New Orleans Saints New England Patriots WR Cameron Meredith
6%
Minnesota Vikings Dallas Cowboys S George Iloka
5%
Minnesota Vikings New Orleans Saints CB Marcus Sherels
5%
No matching quizzes found
Score Distribution
Percent of People with Each Score
Percentile by Number Answered
Your Score History
You have not taken this quiz since the last reset